00577nam a2200181 i 4500001000300000100002300003245004300026260005600069300004100125504001400166650002100180020001500201040000800216041000700224080002500231008004100256856009800297bg1 aDREWIŃSKI, Marek10aGiełdy towarowe /cMarek Drewiński. aWarszawa :bPolskie Wydawnictwo Ekonomiczne,c1997. a194, [1] s. :brys., wykr. ;c21 cm. aBibliogr. 9aGiełda towarowa a8320810868 cBPK0 apl a339.172:336.764/.768 s pl f |000 0 pol  uhttp://koha.tu.koszalin.pl/cgi-bin/koha/opac-detail.pl?biblionumber=39777yKatalog online BPK